[Event "Politiken Cup 2011"]
[Site "Helsingor"]
[Date "2011.07.30"]
[Round "1.35"]
[White "Hinrichs, Lars"]
[Black "Carstensen, Jacob"]
[Result "0-1"]
[WhiteElo "1894"]
[BlackElo "2391"]
[PlyCount "210"]
[EventDate "2011.??.??"]
[WhiteTeam "Hamburger Schachklub"]
[BlackTeam "Brønshøj"]

1. e4 c5 2. Nf3 d6 3. d4 cxd4 4. Nxd4 Nf6 5. Nc3 a6 6. Be3 e5 7. Nb3 Be6 8. f4
exf4 9. Bxf4 Nc6 10. Qe2 Be7 11. h3 Nd7 12. O-O-O Nce5 13. Kb1 O-O 14. g4 Re8
15. Qg2 Rc8 16. Nd5 Bxd5 17. exd5 Ng6 18. Bc1 Nde5 19. Nd4 Nh4 20. Qg3 Bg5 21.
Bxg5 Qxg5 22. Bd3 Nxd3 23. Rxd3 Re5 24. Nf3 Nxf3 25. Qxf3 Rce8 26. Rhd1 Re3 27.
Rxe3 Rxe3 28. Qf1 g6 29. a3 b5 30. a4 bxa4 31. Qxa6 Qf4 32. Rf1 Qb4 33. Qc8+
Kg7 34. Qd7 Re1+ 35. Rxe1 Qxe1+ 36. Ka2 Qb4 37. Qc6 Kf6 38. Qc7 h6 39. Qd8+ Kg7
40. Qc7 g5 41. Qc6 Kg6 42. Qc7 Qf4 43. Qc6 h5 44. Qc8 h4 45. Qc6 Qg3 46. Qc8
Kg7 47. Qf5 Qf4 48. Qd3 f5 49. gxf5 Kf6 50. Qc3+ Kxf5 51. Qc8+ Ke4 52. Qc4+ Kf3
53. Qd3+ Kg2 54. c4 g4 55. c5 gxh3 56. c6 h2 57. c7 h1=Q 58. c8=Q Qhf1 59. Qg8+
Kh2 60. Qc2+ Q1f2 61. Qgg6 Qxc2 62. Qxc2+ Kg3 63. Qg6+ Kf3 64. Qd3+ Kf2 65.
Qc2+ Ke3 66. Qc3+ Ke4 67. Qc4+ Ke5 68. Qe2+ Kxd5 69. Qb5+ Ke6 70. Qe8+ Kf6 71.
Qf8+ Ke5 72. Qe7+ Kd4 73. Qa7+ Kd3 74. Qh7+ Qe4 75. Qh5 Qc4+ 76. Ka1 Qc1+ 77.
Ka2 Qc4+ 78. Ka1 d5 79. Qf3+ Kd2 80. Qf2+ Kd1 81. Qf3+ Ke1 82. Qe3+ Qe2 83.
Qg1+ Qf1 84. Qe3+ Kd1 85. Qg5 Kc2+ 86. Ka2 Qc4+ 87. Ka1 Qf1+ 88. Ka2 Qb1+ 89.
Ka3 Qxb2+ 90. Kxa4 Qb3+ 91. Ka5 h3 92. Qf5+ Qd3 93. Qh5 d4 94. Ka4 Qc4+ 95. Ka5
Kb2 96. Qh4 Kb3 97. Qh5 Kc2 98. Qf5+ Qd3 99. Qh5 Qe3 100. Qh4 d3 101. Qc4+ Kd1
102. Qb3+ Ke2 103. Qc4 h2 104. Qg4+ Qf3 105. Qe6+ Kf1 0-1

[Event "Politiken Cup 2011"]
[Site "Helsingor"]
[Date "2011.07.30"]
[Round "1.36"]
[White "Lund, Silas"]
[Black "Nielsen, Kai Gylling"]
[Result "1-0"]
[WhiteElo "2388"]
[BlackElo "1890"]
[PlyCount "81"]
[EventDate "2011.??.??"]
[WhiteTeam "Enkeltmedlem"]
[BlackTeam "Roskilde"]

1. d4 Nf6 2. c4 e6 3. Nc3 Bb4 4. f3 c5 5. d5 d6 6. e4 e5 7. Bd3 Nbd7 8. Nge2 h6
9. a3 Bxc3+ 10. Nxc3 a6 11. Qe2 O-O 12. Bd2 Rb8 13. a4 Nh7 14. Nd1 Ndf6 15. g3
Ne8 16. Ne3 Qf6 17. h4 Qg6 18. g4 f6 19. Kf2 Qf7 20. Nf5 Bxf5 21. exf5 Nc7 22.
a5 Rfe8 23. Rhg1 Qe7 24. Rg2 Kh8 25. g5 fxg5 26. hxg5 Nxg5 27. Bxg5 hxg5 28.
Rag1 Rf8 29. Rxg5 Rf7 30. Qe4 Ne8 31. Qh4+ Kg8 32. Rh1 Rf6 33. Qh8+ Kf7 34.
Qh5+ Kf8 35. Qg4 Qf7 36. Rh8+ Ke7 37. Rxe8+ Qxe8 38. Rxg7+ Rf7 39. f6+ Kd8 40.
Bg6 Rxg7 41. fxg7 1-0

[Event "Politiken Cup 2011"]
[Site "Helsingor"]
[Date "2011.07.30"]
[Round "1.37"]
[White "Rasmussen, Morten"]
[Black "Sowray, Peter J"]
[Result "0-1"]
[WhiteElo "1889"]
[BlackElo "2350"]
[PlyCount "114"]
[EventDate "2011.??.??"]
[WhiteTeam "Enkeltmedlem"]

1. d4 e6 2. c4 Nf6 3. g3 d5 4. Nf3 dxc4 5. Bg2 Bb4+ 6. Bd2 a5 7. Qc2 Bxd2+ 8.
Nbxd2 b5 9. O-O Bb7 10. b3 cxb3 11. Nxb3 Nbd7 12. Rac1 c6 13. Rfd1 Qe7 14. Qd2
b4 15. Ng5 Nd5 16. Ne4 O-O 17. Re1 Rfd8 18. e3 N7f6 19. Nbc5 Nxe4 20. Nxe4 Ra7
21. Qc2 h6 22. Nc5 Nc3 23. a3 Qc7 24. Qb3 Rb8 25. Ra1 Bc8 26. axb4 Nd5 27. Reb1
Nxb4 28. Qc4 Rb6 29. Be4 Ba6 30. Qc3 Bb5 31. Kg2 Rb8 32. Ra3 Nd5 33. Qd2 Nf6
34. Bf3 Rba8 35. h4 a4 36. Qc2 Nd7 37. Be4 Nxc5 38. Qxc5 Ra5 39. Qc3 Qd6 40.
Kg1 R5a7 41. Kg2 Re8 42. Rb2 e5 43. Rd2 exd4 44. Rxd4 Qe7 45. Bf3 Qf6 46. Qc5
Rae7 47. Rc3 Re5 48. Qa7 Rf5 49. Qd7 Rf8 50. Rd6 Qe5 51. Rc2 c5 52. Qc7 Rxf3
53. Rxc5 Qe4 54. Rd4 Qa8 55. Rxb5 Rf5+ 56. Rb7 Rb5 57. Rb4 Rxb4 0-1

[Event "Politiken Cup 2011"]
[Site "Helsingor"]
[Date "2011.07.30"]
[Round "1.38"]
[White "Svane, Rasmus"]
[Black "Andersen, Dag"]
[Result "1-0"]
[WhiteElo "2346"]
[BlackElo "1885"]
[PlyCount "65"]
[EventDate "2011.??.??"]
[WhiteTeam "Lübecker Schachverein von 1873"]
[BlackTeam "Sarpsborg Sjakklubb"]

1. d4 Nf6 2. c4 c5 3. d5 e5 4. Nc3 d6 5. e4 Nbd7 6. Bd3 h5 7. Nf3 Be7 8. h3 Nf8
9. Be3 Ng6 10. Qd2 h4 11. a3 a6 12. b4 b6 13. O-O Bd7 14. Rfb1 Nh5 15. Ne2 O-O
16. Rb3 f5 17. exf5 Bxf5 18. Bxf5 Rxf5 19. Qc2 Qf8 20. bxc5 bxc5 21. Nd2 Ngf4
22. Ne4 Nxe2+ 23. Qxe2 Nf4 24. Bxf4 Rxf4 25. Rab1 Qf5 26. f3 Qg6 27. Rb7 Rf7
28. Kh1 a5 29. R1b6 Qh6 30. Qd2 Qxd2 31. Nxd2 Bf8 32. Ne4 Rxb7 33. Rxb7 1-0

[Event "Politiken Cup 2011"]
[Site "Helsingor"]
[Date "2011.07.30"]
[Round "1.39"]
[White "Storch, Dominik"]
[Black "Giffard, Nicolas"]
[Result "0-1"]
[WhiteElo "1883"]
[BlackElo "2342"]
[PlyCount "65"]
[EventDate "2011.??.??"]
[WhiteTeam "Sabt Franfurter SV 1860"]
[BlackTeam "Drancy"]

1. f4 d5 2. Nf3 Bg4 3. e3 Nd7 4. Be2 Bxf3 5. Bxf3 c6 6. d4 e6 7. O-O Bd6 8. b3
Ne7 9. c4 Nf5 10. Qe1 h5 11. Ba3 Bxa3 12. Nxa3 Qf6 13. Nc2 O-O-O 14. a4 Rdg8
15. Qc3 Nh4 16. Ne1 g5 17. cxd5 exd5 18. Bxd5 Kb8 19. fxg5 Qxg5 20. Bf3 Rh7 21.
Ra2 Rhg7 22. Re2 f5 23. e4 f4 24. e5 Nf5 25. e6 Nf6 26. Re5 Ng4 27. Bxg4 Qxg4
28. Qf3 Nxd4 29. Qxg4 Rxg4 30. e7 Re8 31. h3 Rg7 32. Rxf4 Rexe7 33. Rf8+ 0-1

[Event "Politiken Cup 2011"]
[Site "Helsingor"]
[Date "2011.07.30"]
[Round "1.40"]
[White "Carlstedt, Jonathan"]
[Black "Moller, Arne"]
[Result "1-0"]
[WhiteElo "2336"]
[BlackElo "1881"]
[PlyCount "77"]
[EventDate "2011.??.??"]
[BlackTeam "Amager"]

1. c4 Nf6 2. g3 c5 3. Bg2 Nc6 4. Nc3 e6 5. e4 d6 6. Nge2 Be7 7. O-O O-O 8. d3
a6 9. a3 Rb8 10. Rb1 Bd7 11. b4 b6 12. b5 axb5 13. Nxb5 Na5 14. Nec3 Bxb5 15.
Nxb5 Nc6 16. f4 e5 17. f5 Ne8 18. h4 f6 19. g4 Nc7 20. Nc3 Nd4 21. Be3 Ra8 22.
a4 Ra6 23. Rf2 Nc6 24. Qd2 Nb4 25. Kh2 Kh8 26. Rh1 Qd7 27. g5 Rfa8 28. Bf1 Ne8
29. g6 Bf8 30. gxh7 Rxa4 31. Nxa4 Rxa4 32. Qd1 Ra3 33. Rd2 Qf7 34. Be2 Ra7 35.
Bh5 Qd7 36. Rf1 Nc7 37. Qb3 Ne8 38. Rdd1 Ra2+ 39. Kg3 1-0

[Event "Politiken Cup 2011"]
[Site "Helsingor"]
[Date "2011.07.30"]
[Round "1.41"]
[White "Christensen, Benjamin"]
[Black "Aranovitch, Emiliano"]
[Result "1-0"]
[WhiteElo "1880"]
[BlackElo "2328"]
[PlyCount "109"]
[EventDate "2011.??.??"]
[WhiteTeam "Skanderborg"]
[BlackTeam "Mendrisio"]

1. e4 c5 2. Nf3 d6 3. d4 cxd4 4. Nxd4 Nf6 5. Nc3 Nc6 6. Bg5 e6 7. Qd2 Be7 8.
O-O-O Nxd4 9. Qxd4 O-O 10. Bc4 a6 11. Rhe1 b5 12. Bb3 Bb7 13. Bxf6 Bxf6 14.
Qxd6 Qa5 15. Qg3 Rfd8 16. e5 Be7 17. f4 Bb4 18. f5 Bxc3 19. bxc3 exf5 20. e6
fxe6 21. Bxe6+ Kh8 22. Kb2 b4 23. cxb4 Qxb4+ 24. Bb3 Be4 25. Rxd8+ Rxd8 26. Qc7
Qf8 27. g4 Rc8 28. Qe5 Re8 29. Qf4 Qf6+ 30. c3 Rc8 31. Re3 Qd8 32. Qf2 Rb8 33.
gxf5 Bxf5 34. Rg3 Bg6 35. Qe3 Qd6 36. Qd4 Rd8 37. Qxd6 Rxd6 38. Rg2 h5 39. c4
Be4 40. Re2 Bf3 41. Re3 Rf6 42. c5 Bc6 43. Kc3 g5 44. Kb4 Kg7 45. Ka5 g4 46.
Bc4 h4 47. Bxa6 g3 48. hxg3 h3 49. Re2 Bg2 50. c6 h2 51. c7 Rf8 52. Re1 Ra8 53.
c8=Q Rxc8 54. Bxc8 Kf6 55. Kb6 1-0

[Event "Politiken Cup 2011"]
[Site "Helsingor"]
[Date "2011.07.30"]
[Round "1.42"]
[White "Korley, Kassa"]
[Black "Sjol, Henrik"]
[Result "1-0"]
[WhiteElo "2326"]
[BlackElo "1880"]
[PlyCount "63"]
[EventDate "2011.??.??"]
[WhiteTeam "Marshall"]
[BlackTeam "Akademisk"]

1. e4 c6 2. d4 d5 3. e5 Bf5 4. Nf3 e6 5. Be2 c5 6. O-O Nc6 7. Nbd2 Nge7 8. dxc5
Ng6 9. Nb3 Be7 10. Nfd4 Nxd4 11. Nxd4 Bxc5 12. Be3 Bxd4 13. Bb5+ Kf8 14. Qxd4
Ne7 15. Qb4 f6 16. exf6 gxf6 17. Be2 Qd7 18. c4 Kf7 19. Rfd1 Bg6 20. Bf3 Nc6
21. Qa4 Ne5 22. Qxd7+ Nxd7 23. cxd5 Ne5 24. dxe6+ Kxe6 25. Bd5+ Kf5 26. f3 Bf7
27. Bxb7 Rab8 28. Be4+ Ke6 29. b3 a5 30. f4 Nd7 31. Bd5+ Ke7 32. Bxf7 1-0

[Event "Politiken Cup 2011"]
[Site "Helsingor"]
[Date "2011.07.30"]
[Round "1.44"]
[White "Petersen, Tom Petri"]
[Black "Nordin, Eric"]
[Result "1-0"]
[WhiteElo "2324"]
[BlackElo "1876"]
[PlyCount "47"]
[EventDate "2011.??.??"]
[WhiteTeam "Nordre"]
[BlackTeam "Helsingborgs SS"]

1. Nf3 g6 2. c4 c5 3. g3 Bg7 4. Bg2 Nc6 5. O-O Nf6 6. Nc3 O-O 7. a3 e6 8. Qc2
d5 9. d3 d4 10. Na4 Qe7 11. Rb1 Bd7 12. Bd2 a5 13. Qb3 e5 14. Ng5 h6 15. Ne4
Nxe4 16. Bxe4 f5 17. Bd5+ Kh8 18. Qb6 e4 19. Qxc5 Qf6 20. Nb6 Rad8 21. Nxd7
Rxd7 22. dxe4 Ne5 23. f4 Ng4 24. e5 1-0

[Event "Politiken Cup 2011"]
[Site "Helsingor"]
[Date "2011.07.30"]
[Round "1.45"]
[White "Randlov, Carsten"]
[Black "Larsen, Karsten"]
[Result "0-1"]
[WhiteElo "1872"]
[BlackElo "2323"]
[PlyCount "80"]
[EventDate "2011.??.??"]
[WhiteTeam "AS04"]
[BlackTeam "K41"]

1. d4 Nf6 2. c4 c5 3. d5 e5 4. Nc3 d6 5. e4 Be7 6. Nf3 O-O 7. h3 a6 8. Bd3 h6
9. Bd2 Nh7 10. Qc2 Ng5 11. Ne2 Nd7 12. Nxg5 Bxg5 13. Ng3 Rb8 14. Nf5 Bxd2+ 15.
Qxd2 Nf6 16. g4 Bxf5 17. gxf5 Nh5 18. Rg1 Nf4 19. Rg3 b5 20. O-O-O Kh7 21. Rdg1
g6 22. Bf1 Rg8 23. Kb1 Rb7 24. Qd1 Qf6 25. cxb5 axb5 26. Rb3 b4 27. Qg4 Rbb8
28. Rbg3 Rg7 29. Qf3 Rbg8 30. Bd3 gxf5 31. exf5 Kh8 32. Be4 Rg5 33. h4 R5g7 34.
h5 Rg5 35. Kc2 Qd8 36. Kb3 f6 37. Rxg5 hxg5 38. Bd3 Qd7 39. Rh1 Ra8 40. h6 Qa4+
0-1

[Event "Politiken Cup 2011"]
[Site "Helsingor"]
[Date "2011.07.30"]
[Round "1.46"]
[White "Rewitz, Poul"]
[Black "Astrom, Lars"]
[Result "1-0"]
[WhiteElo "2309"]
[BlackElo "1871"]
[PlyCount "39"]
[EventDate "2011.??.??"]
[WhiteTeam "Århus/skolerne"]
[BlackTeam "Limhamn"]

1. d4 d5 2. c4 c6 3. Nc3 Nf6 4. Nf3 e6 5. Bg5 Nbd7 6. e3 Qa5 7. Bxf6 Nxf6 8.
Bd3 Bb4 9. O-O Bxc3 10. bxc3 Qxc3 11. Ne5 O-O 12. c5 Qa5 13. g4 Qc7 14. g5 Nd7
15. f4 f5 16. gxf6 gxf6 17. Bxh7+ Kg7 18. Qg4+ Kh8 19. Nf7+ Kxh7 20. Rf3 1-0

[Event "Politiken Cup 2011"]
[Site "Helsingor"]
[Date "2011.07.30"]
[Round "1.47"]
[White "Nielsen, Steen G"]
[Black "Veng, Johnny"]
[Result "0-1"]
[WhiteElo "1870"]
[BlackElo "2309"]
[PlyCount "118"]
[EventDate "2011.??.??"]
[WhiteTeam "Odysseus"]
[BlackTeam "Nordre"]

1. e4 c5 2. Nc3 e6 3. f4 Nc6 4. Nf3 Nge7 5. Bb5 a6 6. Bd3 Ng6 7. f5 Nge5 8.
Nxe5 Nxe5 9. O-O Be7 10. Be2 O-O 11. d3 Bf6 12. Bf4 d6 13. fxe6 fxe6 14. Qe1
Bd7 15. Qd2 Qe7 16. Rae1 b5 17. b3 b4 18. Nd1 a5 19. Bxe5 Bxe5 20. Rxf8+ Rxf8
21. Rf1 Rxf1+ 22. Bxf1 Bd4+ 23. Kh1 Qf6 24. Be2 Be8 25. Bf3 g5 26. Ne3 Bxe3 27.
Qxe3 Qa1+ 28. Qg1 Qxa2 29. Qc1 h6 30. h4 Qa3 31. Qd2 Qa1+ 32. Kh2 Qe5+ 33. Kg1
Kg7 34. hxg5 hxg5 35. Qe2 a4 36. bxa4 Bxa4 37. Bh5 Qf4 38. Qd1 Qe5 39. Qf1 Qd4+
40. Kh2 Qf6 41. Qb1 Kh6 42. Bg4 Be8 43. Qd1 Bf7 44. Qe2 Qf4+ 45. Kg1 Qf6 46.
Kh2 Qe5+ 47. Kg1 d5 48. Qf2 Qf4 49. Bf3 d4 50. Qe2 Kg7 51. Bg4 Kf6 52. Bf3 Ke5
53. Bh5 Bg8 54. Be8 g4 55. Bh5 g3 56. Qd1 Bh7 57. Kh1 Qh4+ 58. Kg1 Qh2+ 59. Kf1
Qh1+ 0-1

[Event "Politiken Cup 2011"]
[Site "Helsingor"]
[Date "2011.07.30"]
[Round "1.48"]
[White "Bach, Matthias"]
[Black "Henningsen, Lasse"]
[Result "1-0"]
[WhiteElo "2307"]
[BlackElo "1670"]
[PlyCount "45"]
[EventDate "2011.??.??"]
[BlackTeam "Helsingør"]

1. e4 d6 2. b3 Nf6 3. Nc3 g6 4. Bb2 Bg7 5. d4 O-O 6. Be2 Nc6 7. Nf3 Bg4 8. Nd2
Bxe2 9. Nxe2 e5 10. d5 Ne7 11. f4 Ng4 12. Nc4 exf4 13. Bxg7 Kxg7 14. Nxf4 Nh6
15. Qd4+ Kg8 16. O-O b5 17. Ne3 Qd7 18. h3 f5 19. Ne6 Rf7 20. Rf4 g5 21. Nxg5
Rg7 22. Ne6 Rg6 23. exf5 1-0

[Event "Politiken Cup 2011"]
[Site "Helsingor"]
[Date "2011.07.30"]
[Round "1.49"]
[White "Pedersen, Bent O"]
[Black "Burmeister, Rick"]
[Result "0-1"]
[WhiteElo "1860"]
[BlackElo "2298"]
[PlyCount "78"]
[EventDate "2011.??.??"]
[WhiteTeam "Hvidovre"]

1. e4 e6 2. d4 d5 3. e5 c5 4. c3 Qb6 5. Nf3 Bd7 6. Be2 Bb5 7. O-O Bxe2 8. Qxe2
Qa6 9. Qxa6 Nxa6 10. Bf4 Ne7 11. Nbd2 cxd4 12. cxd4 h6 13. Nb3 Nc6 14. a3 Kd7
15. Rac1 Be7 16. Rfd1 b6 17. Rd2 g5 18. Be3 Rac8 19. Rdc2 Nab8 20. h3 a5 21.
Nh2 h5 22. Nd2 a4 23. Ndf3 Rcg8 24. g4 hxg4 25. hxg4 f5 26. exf6 Bxf6 27. Nf1
Kd6 28. Ng3 Rh4 29. Nxh4 gxh4 30. Nh5 Rxg4+ 31. Kf1 Bxd4 32. Bxd4 Nxd4 33. Rc7
Nb3 34. R1c3 Nd2+ 35. Ke2 Ne4 36. Rc2 h3 37. Rc1 h2 38. Rg7 Rh4 39. f3 h1=Q 0-1

[Event "Politiken Cup 2011"]
[Site "Helsingor"]
[Date "2011.07.30"]
[Round "1.51"]
[White "Borg, Flemming"]
[Black "Skousen, Nikolai"]
[Result "1/2-1/2"]
[WhiteElo "1851"]
[BlackElo "2289"]
[PlyCount "92"]
[EventDate "2011.??.??"]
[WhiteTeam "Allerød"]
[BlackTeam "Øbro"]

1. e4 c5 2. c3 g6 3. g3 d5 4. d3 Nc6 5. Nd2 Nf6 6. Qc2 Bg7 7. Bg2 O-O 8. Ngf3
h6 9. O-O Be6 10. h3 Rc8 11. Kh2 b5 12. Ne1 c4 13. d4 dxe4 14. Nxe4 Nxe4 15.
Bxe4 Bd5 16. Ng2 Bxe4 17. Qxe4 e5 18. dxe5 Nxe5 19. Ne1 Re8 20. Qc2 Rc7 21. Be3
Qf6 22. Bd4 Nf3+ 23. Nxf3 Qxf3 24. Be3 Rd7 25. Rad1 Red8 26. Rxd7 Rxd7 27. Re1
h5 28. h4 a5 29. Qe2 Qxe2 30. Rxe2 b4 31. cxb4 axb4 32. Rc2 c3 33. bxc3 bxc3
34. f4 Rb7 35. Bc1 Kh7 36. Kg2 Rb2 37. Rf2 Rb1 38. Rc2 Kg8 39. Kf3 Kf8 40. Ke4
Ke7 41. Kd3 Kd6 42. Be3 Kd5 43. Rc1 Rb2 44. Rc2 Rb1 45. Rc1 Rb2 46. Rc2 Rb1
1/2-1/2

[Event "Politiken Cup 2011"]
[Site "Helsingor"]
[Date "2011.07.30"]
[Round "1.52"]
[White "Christensen, Bo Garner"]
[Black "Hoel, Jorgen"]
[Result "1-0"]
[WhiteElo "2289"]
[BlackElo "1851"]
[PlyCount "75"]
[EventDate "2011.??.??"]
[WhiteTeam "K41"]
[BlackTeam "Bergen"]

1. e4 c5 2. Nf3 Nc6 3. Bc4 g6 4. O-O Bg7 5. Re1 Nf6 6. Nc3 O-O 7. h3 d6 8. a4
Nd7 9. d3 Nde5 10. Ba2 Nxf3+ 11. Qxf3 Nd4 12. Qd1 Bd7 13. Bg5 Re8 14. Bc4 Be6
15. Nd5 Nc6 16. c3 Rb8 17. f4 a6 18. f5 Bxd5 19. Bxd5 Qd7 20. Rf1 e6 21. Bxc6
bxc6 22. f6 Bf8 23. Qd2 Rec8 24. Rf2 e5 25. Re1 d5 26. exd5 cxd5 27. Rxe5 Bd6
28. Bh4 Rxb2 29. Qxb2 Bxe5 30. Qc1 Rb8 31. g4 Qd6 32. Kg2 Rb6 33. g5 Rb3 34.
Re2 Rxc3 35. Qe1 Rxd3 36. Rxe5 Rd2+ 37. Kg1 Rd1 38. Re8+ 1-0

[Event "Politiken Cup 2011"]
[Site "Helsingor"]
[Date "2011.07.30"]
[Round "1.53"]
[White "Larsen, Arne Walther"]
[Black "Schmidt, Kresten"]
[Result "0-1"]
[WhiteElo "1851"]
[BlackElo "2289"]
[PlyCount "42"]
[EventDate "2011.??.??"]
[WhiteTeam "Hvidovre"]

1. c4 e5 2. g3 Nf6 3. Nc3 Bb4 4. Nd5 Nxd5 5. cxd5 O-O 6. Bg2 d6 7. Nf3 Nd7 8.
O-O Nf6 9. a3 Ba5 10. b4 Bb6 11. Qb3 Re8 12. d3 a5 13. Nd2 axb4 14. Nc4 Bd4 15.
Rb1 bxa3 16. Bxa3 Nd7 17. e3 Bc5 18. Bb2 Nb6 19. Nd2 Na4 20. Ra1 b5 21. Qxb5
Bd7 0-1

[Event "Politiken Cup 2011"]
[Site "Helsingor"]
[Date "2011.07.30"]
[Round "1.50"]
[White "Skovgaard, Peter"]
[Black "Holm, Henrik"]
[Result "1-0"]
[WhiteElo "2288"]
[BlackElo "1853"]
[PlyCount "125"]
[EventDate "2011.??.??"]
[WhiteTeam "BMS"]
[BlackTeam "Hillerød"]

1. e4 e5 2. Nf3 Nf6 3. Nc3 Nc6 4. Bb5 d6 5. d4 exd4 6. Nxd4 Bd7 7. Bxc6 bxc6 8.
O-O Be7 9. b3 O-O 10. Bb2 Rb8 11. Qd3 Qc8 12. Rae1 Re8 13. f4 Qb7 14. e5 Nd5
15. Qg3 c5 16. Nxd5 Qxd5 17. c4 Qb7 18. e6 Bf8 19. Nf5 Rxe6 20. Rxe6 fxe6 21.
Nxg7 Kf7 22. Qg5 Qe4 23. Qf6+ Kg8 24. Nh5 Bc6 25. Qg5+ Qg6 26. Nf6+ Kf7 27. h4
Bh6 28. Qxg6+ hxg6 29. Nh7 Re8 30. g4 Bg7 31. Ng5+ Kg8 32. Bxg7 Kxg7 33. Re1
Kf6 34. Kh2 a5 35. a4 d5 36. Rc1 d4 37. Re1 e5 38. fxe5+ Rxe5 39. Nh7+ Ke6 40.
Ng5+ Kf6 41. Nh7+ Ke6 42. Nf8+ Kd6 43. Rxe5 Kxe5 44. Nxg6+ Ke4 45. Kg3 d3 46.
Nf4 d2 47. Nh3 Kd3 48. Nf2+ Kc2 49. Kf4 Kxb3 50. h5 Kxc4 51. h6 Bxa4 52. h7
d1=Q 53. Nxd1 Bxd1 54. h8=Q a4 55. Qb2 Bb3 56. Ke3 Kb4 57. Kd2 a3 58. Qc3+ Ka4
59. Qxc5 a2 60. Qxc7 Ka3 61. Qc1+ Kb4 62. Qb2 Ka4 63. Kc3 1-0

[Event "Politiken Cup 2011"]
[Site "Helsingor"]
[Date "2011.07.30"]
[Round "1.55"]
[White "Rodvik, Trym Daniel"]
[Black "Jorgensen, Michael"]
[Result "1/2-1/2"]
[WhiteElo "1843"]
[BlackElo "2271"]
[PlyCount "55"]
[EventDate "2011.??.??"]
[WhiteTeam "Hamar Sjakkselskap"]
[BlackTeam "Helsingør"]

1. e4 e6 2. d4 d5 3. Nd2 Nf6 4. e5 Nfd7 5. f4 c5 6. c3 Nc6 7. Ndf3 Qb6 8. h4
Be7 9. h5 h6 10. g4 a5 11. a4 cxd4 12. cxd4 Ndb8 13. Ne2 Na6 14. Nc3 Nab4 15.
Be3 Bd7 16. Rh2 O-O-O 17. Kf2 f6 18. Kg3 fxe5 19. fxe5 Rdf8 20. Bb5 Rf7 21. Ne2
Rhf8 22. Rf2 Qd8 23. Qd2 Kb8 24. Raf1 Bc8 25. Nf4 Na7 26. Ng6 Rg8 27. Be2 Nbc6
28. Nxe7 1/2-1/2

[Event "Politiken Cup 2011"]
[Site "Helsingor"]
[Date "2011.07.30"]
[Round "1.57"]
[White "Percivaldi, Martin"]
[Black "Sbarra, Marco"]
[Result "1-0"]
[WhiteElo "1838"]
[BlackElo "2266"]
[PlyCount "91"]
[EventDate "2011.??.??"]
[WhiteTeam "Hillerød"]

1. d4 Nf6 2. c4 e6 3. g3 d5 4. Nf3 dxc4 5. Bg2 Nc6 6. Qa4 Nd7 7. Qxc4 Nb6 8.
Qd3 e5 9. Be3 Nb4 10. Qc3 N6d5 11. Qd2 Bf5 12. Na3 Nd3+ 13. Kf1 Bb4 14. Qd1
Nxb2 15. Qb3 O-O 16. Rc1 Nxe3+ 17. fxe3 Qe7 18. Nc2 Bxc2 19. Rxc2 Nd1 20. Rc4
exd4 21. Qxd1 dxe3 22. Qb1 c5 23. Re4 Qd6 24. Rxe3 c4 25. Ng5 f5 26. Nh3 Bc5
27. Rf3 Rad8 28. Nf2 b5 29. h4 Bxf2 30. Kxf2 Qc5+ 31. e3 Rd2+ 32. Kg1 c3 33.
Kh2 Rb2 34. Qd1 Qe7 35. Qd5+ Kh8 36. Rc1 b4 37. Rxf5 Rd8 38. Qf3 Rxa2 39. Rf1
g6 40. Rf7 Qd6 41. Qb7 Rxg2+ 42. Kxg2 Qd5+ 43. Qxd5 Rxd5 44. Rf8+ Kg7 45. R1f7+
Kh6 46. Rh8 1-0

[Event "Politiken Cup 2011"]
[Site "Helsingor"]
[Date "2011.07.30"]
[Round "1.56"]
[White "Ochsner, Bjorn Moller"]
[Black "Molvig, Julius"]
[Result "1-0"]
[WhiteElo "2258"]
[BlackElo "1842"]
[PlyCount "45"]
[EventDate "2011.??.??"]
[BlackTeam "Roskilde"]

1. e4 c5 2. Nf3 e6 3. d4 cxd4 4. Nxd4 a6 5. Nc3 Qc7 6. Bd3 Nf6 7. O-O Be7 8.
Qe2 d6 9. a4 b6 10. Kh1 Nbd7 11. Bd2 Bb7 12. Rae1 Nc5 13. f4 d5 14. exd5 Nxd5
15. f5 Nxc3 16. Bxc3 Bd5 17. fxe6 fxe6 18. Bc4 Qd7 19. Nxe6 Qxe6 20. Qh5+ Qg6
21. Qxd5 Ra7 22. Qe5 Rb7 23. Bf7+ 1-0

[Event "Politiken Cup 2011"]
[Site "Helsingor"]
[Date "2011.07.30"]
[Round "1.59"]
[White "Hjornevik, Asbjorn"]
[Black "Stojanovski, Sandi"]
[Result "0-1"]
[WhiteElo "1835"]
[BlackElo "2254"]
[PlyCount "64"]
[EventDate "2011.??.??"]
[WhiteTeam "Sandness"]
[BlackTeam "K41"]

1. e4 c5 2. Nf3 Nc6 3. c3 d5 4. exd5 Qxd5 5. Be2 Nf6 6. O-O e6 7. c4 Qd8 8. Nc3
Be7 9. b3 O-O 10. Bb2 e5 11. Qc2 Bg4 12. Ne4 Nd7 13. a3 f6 14. Ng3 f5 15. h3
Bxf3 16. Bxf3 e4 17. Nxe4 fxe4 18. Bxe4 Nf6 19. Bxf6 Rxf6 20. Bxh7+ Kh8 21. Be4
Qd6 22. Bd5 Raf8 23. Qe4 Bd8 24. g4 Bc7 25. f4 Rxf4 26. Rxf4 Qxf4 27. Qxf4 Bxf4
28. Bxc6 bxc6 29. Kg2 Rd8 30. Kf3 g5 31. Ke4 Kg7 32. Kf5 Re8 0-1

[Event "Politiken Cup 2011"]
[Site "Helsingor"]
[Date "2011.07.30"]
[Round "1.60"]
[White "Matthiesen, Martin"]
[Black "Krzesinski, Paul"]
[Result "1-0"]
[WhiteElo "2251"]
[BlackElo "1832"]
[PlyCount "39"]
[EventDate "2011.??.??"]
[WhiteTeam "SK68"]
[BlackTeam "Sabt Frankfurter TV 1860"]

1. d4 f5 2. g3 Nf6 3. Bg2 g6 4. Nf3 Bg7 5. O-O O-O 6. Nbd2 d6 7. b3 e5 8. dxe5
dxe5 9. e4 Nc6 10. Bb2 Nh5 11. Nc4 Qe8 12. Nfxe5 Bxe5 13. Nxe5 Nxe5 14. exf5
Nf7 15. Qd4 c5 16. Qc3 Bxf5 17. Rfe1 Qd7 18. Rad1 Rad8 19. Rxd7 Rxd7 20. Bf3
1-0

[Event "Politiken Cup 2011"]
[Site "Helsingor"]
[Date "2011.07.30"]
[Round "1.61"]
[White "Barane, Simon"]
[Black "Rehn, Ralf"]
[Result "0-1"]
[WhiteElo "1830"]
[BlackElo "2237"]
[PlyCount "58"]
[EventDate "2011.??.??"]
[WhiteTeam "Sandness"]
[BlackTeam "HaSS"]

1. e4 d6 2. d4 Nf6 3. Nc3 g6 4. f3 Bg7 5. Be3 Nc6 6. Qd2 e5 7. d5 Ne7 8. O-O-O
a6 9. h4 h5 10. Nh3 b5 11. Nf2 Bd7 12. Bd3 b4 13. Ne2 Qb8 14. f4 exf4 15. Bxf4
Ng4 16. Nxg4 Bxg4 17. Rdf1 Qb6 18. Bg5 Ng8 19. Be3 Qa5 20. Bc4 Bxe2 21. Qxe2
Nh6 22. Qd2 Ng4 23. Kb1 Bxb2 24. Bd3 Nxe3 25. Qxe3 Be5 26. Rf3 O-O 27. Rhf1 Qa3
28. Qc1 Qc3 29. Be2 Qa1# 0-1

[Event "Politiken Cup 2011"]
[Site "Helsingor"]
[Date "2011.07.30"]
[Round "1.63"]
[White "Rasmussen, Henning"]
[Black "Jorgensen, Dennis"]
[Result "1/2-1/2"]
[WhiteElo "1829"]
[BlackElo "2231"]
[PlyCount "37"]
[EventDate "2011.??.??"]
[WhiteTeam "Nykøbing Sjælland"]
[BlackTeam "Allerød"]

1. d4 Nf6 2. c4 e6 3. Nf3 b6 4. g3 Ba6 5. b3 Bb4+ 6. Bd2 Be7 7. Nc3 O-O 8. Bg2
Bb7 9. O-O Ne4 10. Nxe4 Bxe4 11. Ne1 Bxg2 12. Nxg2 Bf6 13. Bc3 d5 14. e3 a5 15.
Nf4 g6 16. Qf3 c6 17. Rac1 Ra7 18. cxd5 cxd5 19. Bb2 1/2-1/2

[Event "Politiken Cup 2011"]
[Site "Helsingor"]
[Date "2011.07.30"]
[Round "1.64"]
[White "Sturt, Raven M"]
[Black "Nielsen, Palle"]
[Result "1-0"]
[WhiteElo "2231"]
[BlackElo "1824"]
[PlyCount "79"]
[EventDate "2011.??.??"]
[WhiteTeam "Marshall"]
[BlackTeam "Helsingør"]

1. d4 d5 2. c4 e6 3. Nf3 Nf6 4. g3 Nc6 5. cxd5 Bb4+ 6. Bd2 Bxd2+ 7. Nbxd2 exd5
8. Bg2 O-O 9. O-O Ne7 10. Ne5 c6 11. Qb3 Qb6 12. e3 Ng4 13. Nef3 h6 14. h3 Nf6
15. Ne5 Nd7 16. Nd3 Qc7 17. Rac1 Qd6 18. Qc3 f5 19. b4 Nf6 20. Nf3 Ne4 21. Qb2
b6 22. a4 Bb7 23. Rc2 Rae8 24. Rfc1 Ng6 25. Nfe5 Ne7 26. b5 cxb5 27. Rc7 Bc8
28. axb5 a5 29. bxa6 Bxa6 30. Rd7 Qf6 31. Nf4 Rc8 32. Ra1 Bc4 33. Raa7 Rfe8 34.
Qa3 Nc5 35. Rxe7 Rxe7 36. Bxd5+ Bxd5 37. Nxd5 Rxa7 38. Nxf6+ gxf6 39. Qxa7 fxe5
40. dxc5 1-0

[Event "Politiken Cup 2011"]
[Site "Helsingor"]
[Date "2011.07.30"]
[Round "1.65"]
[White "Schmidt, Horst Hubert"]
[Black "Hansen, Mads"]
[Result "0-1"]
[WhiteElo "1816"]
[BlackElo "2224"]
[PlyCount "58"]
[EventDate "2011.??.??"]
[WhiteTeam "Brønshøj"]
[BlackTeam "Frem"]

1. d4 Nf6 2. c4 e6 3. Nf3 b6 4. Nc3 Bb4 5. Bd2 Bb7 6. e3 O-O 7. Be2 d5 8. cxd5
exd5 9. O-O Nbd7 10. Rc1 a6 11. a3 Bd6 12. b4 Re8 13. Qb3 c6 14. a4 Qe7 15. b5
axb5 16. axb5 c5 17. Ra1 Nf8 18. Qb2 Rac8 19. Na4 N8d7 20. dxc5 bxc5 21. Bc3 d4
22. Bd2 Ng4 23. e4 Qxe4 24. Rfe1 Bxh2+ 25. Kf1 Bd6 26. Kg1 Qf5 27. Qb1 Qh5 28.
Bd3 Bxf3 29. Bxh7+ Kf8 0-1